LEADER 01053nam0-2200301 --450 001 9910404959203321 005 20200706121228.0 010 $a978-88-255-2379-9 100 $a20200706d2019----kmuy0itay5050 ba 101 0 $aita$cita 102 $aIT 105 $a 001yy 200 1 $a<>procedura civile in Italia nei primi anni del XX secolo$eLessona, Chiovenda e Calamandrei nel tempo del primato di Mortara$fPaolo Spaziani$gprefazione di Giovanni Mammone 210 $aCanterano$cAracne$d2019 215 $a85 p.$d24 cm 225 1 $aStudi di diritto processuale civile e di diritto comparato$v12 320 $aContiene bibl. (pp. 81-85) 610 0 $aProcesso civile$aSaggi 676 $a347.4505092$v22$zita 700 1$aSpaziani,$bPaolo$f<1969->$0786963 702 1$aMammone,$bGiovanni 801 0$aIT$bUNINA$gREICAT$2UNIMARC 901 $aBK 912 $a9910404959203321 952 $aI C 386$b1170/2020$fFSPBC 959 $aFSPBC 996 $aProcedura civile in Italia nei primi anni del XX secolo$91752936 997 $aUNINA LEADER 01433nam 2200409Ia 450 001 9910700917803321 005 20111103153810.0 035 $a(CKB)5470000002413853 035 $a(OCoLC)759520318 035 $a(EXLCZ)995470000002413853 100 $a20111103d2011 ua 0 101 0 $aeng 135 $aurbn||||||||| 181 $ctxt$2rdacontent 182 $cc$2rdamedia 183 $acr$2rdacarrier 200 00$aSynthesis and purification of tunable high Tg electro-optical polymers by ring opening metathesis polymerization$b[electronic resource] / Robert H. Lambeth ... [and others] 210 1$aAberdeen Proving Ground, MD :$cArmy Research Laboratory,$d[2011] 215 $a1 online resource (iv, 18 pages) $cillustrations 225 1 $aARL-TR ;$v5651 300 $aTitle from title screen (viewed on Nov. 3, 2011). 300 $a"September 2011." 320 $aIncludes bibliographical references. 606 $aElectrooptics 606 $aMetathesis 606 $aPolymerization 615 0$aElectrooptics. 615 0$aMetathesis. 615 0$aPolymerization. 701 $aLambeth$b Robert H$01413696 712 02$aU.S. Army Research Laboratory. 801 0$bGPO 801 1$bGPO 906 $aBOOK 912 $a9910700917803321 996 $aSynthesis and purification of tunable high Tg electro-optical polymers by ring opening metathesis polymerization$93510757 997 $aUNINA